000 00311nam a2200109Ia 4500
005 20251222175926.0
008 251222s9999||||xx |||||||||||||| ||spa||
082 _a338.64/C76
245 0 _aForo de Innovación Tecnológica y Descentralización Orientado a las Pymes del Perú
264 _bCONCYTEC
942 _cLIB
999 _c40854
_d40854